| 000 | 00891nam a22002177a 4500 | ||
|---|---|---|---|
| 003 | UA-OsUOA | ||
| 001 | 45138 | ||
| 007 | ta | ||
| 008 | 20070327b un ||||| |||| 00| 0 ukr d | ||
| 090 |
_a82. 09 (477) (091) _bЛ 64 |
||
| 942 | _cBK | ||
| 040 |
_aUA-OsUOA _bukr _cUA-OsUOA _dUA-OsUOA |
||
| 245 |
_aЛітература та культура Полісся _bПроблеми історії, філології та культури в сучасних дослідженнях _cВідп. ред. і упорядник Г. В. Самойленко |
||
| 300 | _a259 с. | ||
| 955 | _a2 | ||
| 041 | _aukr | ||
| 080 | _a82. 09 (477) (091) | ||
| 260 |
_aНіжин _bВидавництво Ніжинського державного університету ім. М. Гоголя _c2007 |
||
| 650 | 7 |
_a82 Література. Літературознавство _2UDC |
|
| 999 |
_c331255 _d331255 |
||